Capitals of Atlantic Coastal Countries - Statistics

General Stats
  • This quiz has been taken 71 times
  • The average score is 27 of 41
Answer Stats
Answer % Correct
Washington
95%
Ottawa
93%
Lisbon
89%
Mexico City
89%
Brasilia
87%
Buenos Aires
85%
London
85%
Madrid
85%
Paris
85%
Oslo
84%
Copenhagen
79%
Montevideo
79%
Rabat
79%
Caracas
77%
Dakar
74%
Amsterdam
72%
Berlin
72%
Brussels
72%
Stockholm
72%
Georgetown
70%
Accra
67%
Abuja
64%
Windhoek
64%
Paramaribo
62%
Santiago
61%
Freetown
59%
Luanda
59%
Conakry
57%
Kinshasa
57%
Bissau
54%
Banjul
52%
Brazzaville
52%
Monrovia
51%
Libreville
49%
Lomé
48%
Yaounde
48%
Yamoussoukro
43%
Malabo
41%
Nouakchott
25%
Porto Novo or Cotonou
23%
Cape Town, Pretoria, or Bloemfontein
3%
No matching quizzes found
Score Distribution
Percent of People with Each Score
Percentile by Number Answered
Your Score History
You have not taken this quiz